00685nai a2200169Ia 4500003000900000008004100009022002300050022002200073040001600095245007800111260008600189310001400275362002800289521006900317650003900386856009000425IN-BaIIA211028c9999 xx s 000 0 eng d a2168-0515 (Online) a2168-0523 (Print) cIIA Library 0aIRE Professional Group on Antennas and Propagation Newsletterh[eJournal] aNew York, USAbThe Institute of Electrical and Electronics Engineers, Inc. (IEEE) aBiannualy a1(1); 1958 - 5(2); 1962 bSubscribed through National Knowledge Resource Consortium (NKRC) aFields, Waves and Electromagnetics uhttps://ieeexplore.ieee.org/servlet/opac?punumber=8235yClick Here to Access eJournal